| 000 | 00456nam a2200169 a 4500 | ||
|---|---|---|---|
| 001 | 2280 | ||
| 003 | CDMR | ||
| 005 | 20131111174853.0 | ||
| 008 | 130130s1968||||||||||||||||||||||||||||d | ||
| 040 |
_aCDMR _bcat _cCDMR |
||
| 100 | 1 |
_aSchwoebel, Jean _91657 |
|
| 245 | 1 | 3 |
_aLa presse, le pouvoir et l'argent _cJean Schwoebel ; préface de Paul Ricoeur |
| 260 |
_aParis _c1968 _bDu Seuil |
||
| 300 | _a286 p. | ||
| 490 | 0 | _aL'Histoire immédiate | |
| 942 |
_cMON _2udc |
||
| 999 |
_c2280 _d2280 |
||